LIBRARY & INFORMATION CENTRE, KCAET, TAVANUR

ONLINE PUBLIC ACCESS CATALOGUE (OPAC)

Trignometry / (Record no. 255)

MARC details
000 -LEADER
fixed length control field 00454cam a2200193ua 4500
041 ## - LANGUAGE CODE
Language code of text/sound track or separate title eng
082 ## - DEWEY DECIMAL CLASSIFICATION NUMBER
Classification number 516.24
Item number SUB/TR
100 ## - MAIN ENTRY--AUTHOR NAME
Personal name Subba Rao, K .
245 ## - TITLE STATEMENT
Title Trignometry /
250 ## - EDITION STATEMENT
Edition statement 1 /
260 ## - PUBLICATION, DISTRIBUTION, ETC. (IMPRINT)
Place of publication Chennai :
Name of publisher Anandan Viswanathan ,
Year of publication 1961.
300 ## - PHYSICAL DESCRIPTION
Number of Pages 162 ; .
650 ## - SUBJECT ADDED ENTRY--TOPICAL TERM
Topical Term Trignometry
942 ## - ADDED ENTRY ELEMENTS (KOHA)
Koha item type Books
Holdings
Withdrawn status Lost status Damaged status Home library Current library Date acquired Cost, normal purchase price Full call number Accession Number Koha item type
Withdrawn     KAUAET KAUAET 07/04/2012 2.50 516.24 7406 Books
free website counter